000 00254nam a22001217a 4500
008 180921b xxu||||| |||| 00| 0 eng d
041 _aeng
080 _a712
100 _a45
101 _aART
245 _aArts Of Asia
_cChait.R.M
942 _2udc
_cBK
999 _c48154
_d48154